UM Logo

Biology for the IB diploma/ (Record no. 476)

MARC details
000 -LEADER
fixed length control field 00575nam a2200169 4500
008 - FIXED-LENGTH DATA ELEMENTS--GENERAL INFORMATION
fixed length control field 151214b xxu||||| |||| 00| 0 eng d
020 ## - INTERNATIONAL STANDARD BOOK NUMBER
International Standard Book Number 9780521171786
082 ## - DEWEY DECIMAL CLASSIFICATION NUMBER
Edition number c2011
Classification number DK12 570
Item number W218
100 ## - MAIN ENTRY--PERSONAL NAME
9 (RLIN) 1208
Personal name Walpole, Brenda.
245 ## - TITLE STATEMENT
Title Biology for the IB diploma/
Statement of responsibility, etc. Brenda Walpole, Ashby Merson-Davies and Leighton Dann.
260 ## - PUBLICATION, DISTRIBUTION, ETC. (IMPRINT)
Place of publication, distribution, etc. Cambridge:
Name of publisher, distributor, etc. Cambridge University,
Date of publication, distribution, etc. c2011.
300 ## - PHYSICAL DESCRIPTION
Extent vi, 602 pages:
Other physical details illustrations;
Dimensions 28 cm.
500 ## - GENERAL NOTE
General note Includes glossary, index, acknowledgment.
650 #0 - SUBJECT ADDED ENTRY--TOPICAL TERM
9 (RLIN) 1209
Topical term or geographic name as entry element Biology.
700 ## - ADDED ENTRY--PERSONAL NAME
9 (RLIN) 1211
Personal name Dann, Leighton.
942 ## - ADDED ENTRY ELEMENTS (KOHA)
Source of classification or shelving scheme Dewey Decimal Classification
Koha item type Circulation
Holdings
Withdrawn status Lost status Source of classification or shelving scheme Damaged status Not for loan Collection code Home library Current library Date acquired Total Checkouts Full call number Barcode Date last seen Price effective from Koha item type
    Dewey Decimal Classification     K-12 UM Digos College - LIC UM Digos College - LIC 12/08/2015   DK12 570 W218 2011 22987 05/15/2025 12/14/2015 Circulation